[Event "Kirov-ch"]
[Site "Kirov"]
[Date "2016.04.04"]
[Round "4"]
[White "Dvinskikh, Leonid"]
[Black "Barabanov, Alexander"]
[Result "1/2-1/2"]
[WhiteElo "2023"]
[BlackElo "1962"]
[PlyCount "90"]
[EventDate "2016.04.01"]
[EventType "swiss"]
[EventRounds "9"]
[EventCountry "RUS"]
[SourceTitle "CBM 172 Extra"]
[Source "ChessBase"]
[SourceDate "2016.06.21"]
[SourceVersion "1"]
[SourceVersionDate "2016.06.21"]
[SourceQuality "1"]

1. d4 Nf6 2. Nf3 g6 3. c4 Bg7 4. g3 0-0 5. Bg2 d6 6. 0-0 Nbd7 7. Nc3 e5 8. e4 exd4 9. Nxd4 Nc5 10. Be3 Re8 11. f3 Nfd7 12. Re1 Ne5 13. Bf1 Bd7 14. Rc1 h5 15. b4 Ne6 16. Nb3 Bc6 17. Nd5 b6 18. h3 Ba4 19. Nc3 Bxb3 20. axb3 Nc6 21. b5 Ne7 22. Bg2 a6 23. f4 axb5 24. Nxb5 Ra2 25. Re2 Rxe2 26. Qxe2 c6 27. Nc3 Nd4 28. Qd1 c5 29. Bf2 Qd7 30. b4 Qe6 31. bxc5 bxc5 32. Qa4 Rb8 33. Rb1 Rxb1+ 34. Nxb1 Qf6 35. Nd2 Kh7 36. h4 Ng8 37. Nf3 Nxf3+ 38. Bxf3 Nh6 39. Qd1 Qc3 40. Qe2 Bd4 41. Kg2 Bxf2 42. Kxf2 Qd4+ 43. Kg2 Ng4 44. Bxg4 hxg4 45. Kh2 Kg7 1/2-1/2

[Event "Kirov-ch"]
[Site "Kirov"]
[Date "2016.04.01"]
[Round "1"]
[White "Derbenev, Andrey"]
[Black "Barabanov, Alexander"]
[Result "1-0"]
[WhiteElo "2374"]
[BlackElo "1962"]
[PlyCount "125"]
[EventDate "2016.04.01"]
[EventType "swiss"]
[EventRounds "9"]
[EventCountry "RUS"]
[SourceTitle "CBM 172 Extra"]
[Source "ChessBase"]
[SourceDate "2016.06.21"]
[SourceVersion "1"]
[SourceVersionDate "2016.06.21"]
[SourceQuality "1"]

1. e4 c5 2. Nf3 Nc6 3. Bb5 d6 4. Bxc6+ bxc6 5. 0-0 g6 6. c3 Bg7 7. d4 cxd4 8. cxd4 Bg4 9. Qc2 Rc8 10. Nbd2 Bxf3 11. Nxf3 e6 12. Bg5 Ne7 13. Qd2 0-0 14. Bh6 d5 15. Rfe1 dxe4 16. Rxe4 Bxh6 17. Qxh6 Nf5 18. Qf4 c5 19. dxc5 Rxc5 20. Rc4 Rxc4 21. Qxc4 Qc8 22. Rc1 Qxc4 23. Rxc4 Rb8 24. b3 Rb7 25. g4 Ne7 26. Ne5 Nd5 27. Rc8+ Kg7 28. Nc4 h6 29. h4 Rc7 30. Ra8 Kf6 31. Kg2 Ke7 32. Kg3 Nc3 33. a4 Ne2+ 34. Kg2 Nd4 35. Na5 Kd6 36. b4 Ke5 37. Rd8 Nc2 38. b5 Ne1+ 39. Kf1 Nf3 40. Ke2 Rc3 41. Rd3 Nd4+ 42. Ke3 Rxd3+ 43. Kxd3 Kd5 44. Kc3 f5 45. Nc4 f4 46. b6 axb6 47. Nxb6+ Ke4 48. Kc4 Nc6 49. Nd7 Kf3 50. Kc5 Na7 51. Kb6 Kxf2 52. Ne5 Ke3 53. Kxa7 f3 54. Nxf3 Kxf3 55. a5 e5 56. a6 e4 57. Kb6 e3 58. a7 e2 59. a8Q+ Kf2 60. Qf8+ Kg2 61. Qe7 Kf2 62. Qf6+ Ke3 63. Qxg6 1-0

[Event "Kirov Region-ch FL"]
[Site "Kirov"]
[Date "2015.10.17"]
[Round "9"]
[White "Barabanov, Alexander"]
[Black "Seidov, Georgij"]
[Result "1-0"]
[WhiteElo "2019"]
[BlackElo "1885"]
[PlyCount "107"]
[EventDate "2015.10.09"]
[EventType "swiss"]
[EventRounds "9"]
[EventCountry "RUS"]
[SourceTitle "EXT 2018"]
[Source "ChessBase"]
[SourceDate "2017.10.13"]
[SourceVersion "1"]
[SourceVersionDate "2017.10.13"]
[SourceQuality "1"]

1. d4 d5 2. c4 e6 3. Nf3 Nf6 4. g3 Nbd7 5. Nbd2 Bb4 6. a3 Bxd2+ 7. Nxd2 0-0 8. Bg2 c6 9. 0-0 e5 10. cxd5 cxd5 11. dxe5 Nxe5 12. b4 Ned7 13. Bb2 Nb6 14. Rc1 Bd7 15. e3 Ba4 16. Qf3 Nfd7 17. Qg4 Nf6 18. Qf5 Ne8 19. Bd4 Bc6 20. Bc5 Nd6 21. Qf4 Nbc8 22. Nf3 Bb5 23. Rfd1 b6 24. Bxd6 Qxd6 25. Qxd6 Nxd6 26. Rxd5 Rad8 27. Nd4 Ba4 28. Rc7 a6 29. Nc6 Bxc6 30. Rxc6 Nb5 31. Rxb6 Nxa3 32. Rxa6 Nc2 33. Rb6 f5 34. b5 Ne1 35. Rdd6 Rxd6 36. Rxd6 Nxg2 37. Kxg2 Rb8 38. Rd5 g6 39. Kf3 Rb7 40. Kf4 Kf7 41. Ke5 Ke7 42. Kd4 Ke6 43. Kc4 Ra7 44. Rd2 Rc7+ 45. Kb4 Rb7 46. Kc5 Rc7+ 47. Kb6 Rc1 48. Kb7 Rb1 49. b6 g5 50. Rc2 Kd6 51. Ka7 h5 52. b7 Ra1+ 53. Kb8 f4 54. Kc8 1-0

[Event "Kirov Region-ch FL"]
[Site "Kirov"]
[Date "2015.10.12"]
[Round "4"]
[White "Kolomiets, Vladimir"]
[Black "Barabanov, Alexander"]
[Result "1-0"]
[WhiteElo "2055"]
[BlackElo "2019"]
[PlyCount "139"]
[EventDate "2015.10.09"]
[EventType "swiss"]
[EventRounds "9"]
[EventCountry "RUS"]
[SourceTitle "EXT 2018"]
[Source "ChessBase"]
[SourceDate "2017.10.13"]
[SourceVersion "1"]
[SourceVersionDate "2017.10.13"]
[SourceQuality "1"]

1. d4 Nf6 2. Nc3 d5 3. Bf4 e6 4. e3 Bd6 5. Nf3 Bxf4 6. exf4 0-0 7. Bd3 b6 8. Ne5 Bb7 9. Ne2 c5 10. c3 Nc6 11. 0-0 cxd4 12. Nxd4 Nxd4 13. cxd4 Rc8 14. Qa4 a6 15. Rac1 b5 16. Qb4 Rc4 17. Qd2 Rxc1 18. Rxc1 Ne4 19. Qb4 f6 20. Nf3 Qb8 21. Qe7 Re8 22. Qd7 Rc8 23. Qxe6+ Kf8 24. Rxc8+ Qxc8 25. Qxc8+ Bxc8 26. Bxe4 dxe4 27. Nd2 Bb7 28. g3 Ke7 29. Kf1 Ke6 30. Ke2 f5 31. Ke3 Bd5 32. a3 Bb7 33. Nb3 Kd5 34. h3 Bc8 35. Nd2 Bd7 36. f3 exf3 37. Nxf3 Be6 38. Kd3 Bc8 39. Ne1 a5 40. Nc2 Bd7 41. b4 axb4 42. axb4 Be6 43. h4 Kd6 44. Ne3 g6 45. Kc3 Bf7 46. Kd3 Be6 47. Kc3 Bf7 48. Kd2 Be6 49. Kd3 Bf7 50. h5 Be6 51. h6 Bf7 52. g4 fxg4 53. Nxg4 Bc4+ 54. Ke3 Ke7 55. Ne5 Bg8 56. Ke4 Kd6 57. Kd3 Ke6 58. Ke4 Kd6 59. Ke3 Ke6 60. Nc6 Kd6 61. Ne5 Ke6 62. Ke4 Kd6 63. Ng4 Bd5+ 64. Kd3 Ke6 65. Ne3 Ba2 66. Ke4 Bb1+ 67. Kf3 Ba2 68. Kg4 Bb3 69. Kg5 Ba2 70. Ng4 1-0

[Event "Kirov Region-ch FL"]
[Site "Kirov"]
[Date "2015.10.10"]
[Round "2"]
[White "Barabanov, Alexander"]
[Black "Kirillov, Konstantin"]
[Result "1/2-1/2"]
[WhiteElo "2019"]
[BlackElo "2061"]
[PlyCount "103"]
[EventDate "2015.10.09"]
[EventType "swiss"]
[EventRounds "9"]
[EventCountry "RUS"]
[SourceTitle "EXT 2018"]
[Source "ChessBase"]
[SourceDate "2017.10.13"]
[SourceVersion "1"]
[SourceVersionDate "2017.10.13"]
[SourceQuality "1"]

1. d4 Nf6 2. Nf3 c5 3. d5 b5 4. Bg5 Qb6 5. Bxf6 gxf6 6. g3 Bb7 7. Bg2 f5 8. Nh4 e6 9. dxe6 dxe6 10. 0-0 Be7 11. Bxb7 Qxb7 12. Ng2 Nd7 13. e3 Ne5 14. Qe2 Nf3+ 15. Kh1 h5 16. Nd2 Nxd2 17. Qxd2 h4 18. Kg1 h3 19. Ne1 Bf6 20. c3 Ke7 21. Qe2 b4 22. c4 a5 23. f3 a4 24. Nd3 Qc6 25. Rad1 b3 26. a3 Qc7 27. Nf4 Rag8 28. Rd2 Be5 29. Rfd1 Bxf4 30. exf4 Rd8 31. Qe5 Qc6 32. Kf2 Rxd2+ 33. Rxd2 Rd8 34. Rxd8 Kxd8 35. Ke2 Ke7 36. Kf2 f6 37. Qc3 Qd6 38. Ke2 e5 39. fxe5 fxe5 40. Qe3 Qd4 41. Qg5+ Ke6 42. Qg6+ Ke7 43. Qg7+ Ke6 44. Qg6+ Ke7 45. Qg7+ Kd6 46. Qf8+ Ke6 47. Qg8+ Kf6 48. Qh8+ Ke6 49. Qg8+ Kf6 50. Qh8+ Ke6 51. Qg8+ Kf6 52. Qh8+ 1/2-1/2

[Event "Kirov Region-ch FL"]
[Site "Kirov"]
[Date "2015.10.09"]
[Round "1"]
[White "Bulavin, Alexander"]
[Black "Barabanov, Alexander"]
[Result "1-0"]
[WhiteElo "2247"]
[BlackElo "2019"]
[PlyCount "87"]
[EventDate "2015.10.09"]
[EventType "swiss"]
[EventRounds "9"]
[EventCountry "RUS"]
[SourceTitle "EXT 2018"]
[Source "ChessBase"]
[SourceDate "2017.10.13"]
[SourceVersion "1"]
[SourceVersionDate "2017.10.13"]
[SourceQuality "1"]

1. c4 g6 2. d4 Bg7 3. Nc3 Nf6 4. e4 d6 5. Be2 0-0 6. h3 e5 7. d5 a5 8. Bg5 Na6 9. Bg4 h6 10. Bxc8 Rxc8 11. Bh4 Nc5 12. f3 g5 13. Bf2 Nh5 14. g4 Nf4 15. Bxc5 dxc5 16. Nge2 Qf6 17. Ng3 Ng2+ 18. Kf2 Nh4 19. Rb1 Rfd8 20. Nf5 Nxf5 21. exf5 Qa6 22. Qe2 f6 23. Ne4 b6 24. a4 Kf7 25. h4 Qb7 26. b3 Qb8 27. Rbd1 Rd7 28. Ke3 Rh8 29. hxg5 hxg5 30. Rxh8 Qxh8 31. Qg2 Qd8 32. Rh1 Qf8 33. Qh2 Ke8 34. Qh5+ Kd8 35. Qg6 Kc8 36. Rh7 Bh8 37. Nxg5 fxg5 38. Qe6 Bg7 39. Qc6 Kd8 40. Qa8+ Ke7 41. Qxf8+ Kxf8 42. f6 Rf7 43. Rxg7 Rxf6 44. Rxg5 1-0

[Event "Kirov Vyatka Cup-B 4th"]
[Site "Kirov"]
[Date "2015.08.26"]
[Round "6"]
[White "Shuljya, Alexander"]
[Black "Barabanov, Alexander"]
[Result "0-1"]
[WhiteElo "1946"]
[BlackElo "1988"]
[PlyCount "32"]
[EventDate "2015.08.21"]
[EventType "tourn"]
[EventRounds "9"]
[EventCountry "RUS"]
[SourceTitle "EXT 2022"]
[Source "ChessBase"]
[SourceDate "2021.10.06"]
[SourceVersion "1"]
[SourceVersionDate "2021.10.06"]
[SourceQuality "1"]

1. c4 e5 2. Nf3 Nc6 3. d4 e4 4. Nfd2 f5 5. e3 Nf6 6. a3 a5 7. Nc3 Be7 8. Be2 0-0 9. 0-0 Qe8 10. f4 exf3 11. Nxf3 d6 12. Bd3 Qh5 13. Qc2 Bd7 14. Bd2 Ng4 15. Nd5 Bd8 16. e4 Nxd4 0-1

[Event "Kirov Vyatka Cup-B 4th"]
[Site "Kirov"]
[Date "2015.08.25"]
[Round "5"]
[White "Barabanov, Alexander"]
[Black "Shustov, Dmitrij"]
[Result "1-0"]
[WhiteElo "1988"]
[BlackElo "1660"]
[PlyCount "71"]
[EventDate "2015.08.21"]
[EventType "tourn"]
[EventRounds "9"]
[EventCountry "RUS"]
[SourceTitle "EXT 2022"]
[Source "ChessBase"]
[SourceDate "2021.10.06"]
[SourceVersion "1"]
[SourceVersionDate "2021.10.06"]
[SourceQuality "1"]

1. d4 Nf6 2. c4 e6 3. Nf3 Be7 4. Nc3 b6 5. Bg5 Bb7 6. Qc2 d5 7. e3 Nbd7 8. cxd5 exd5 9. Be2 0-0 10. 0-0 h6 11. Bh4 a6 12. Rad1 Nh5 13. Bxe7 Qxe7 14. Qf5 Nhf6 15. Bd3 Rfe8 16. Bc2 Qe6 17. Qf4 Rac8 18. h3 Nh5 19. Qh2 Nhf6 20. Nh4 Ne4 21. g4 g6 22. Ng2 Kh8 23. f4 Rg8 24. f5 gxf5 25. Rxf5 Ndf6 26. Qf4 Rg5 27. Bxe4 Nxe4 28. Rxf7 Ba8 29. Nxe4 dxe4 30. Rf6 Qe7 31. Rxh6+ Kg7 32. Rh5 Rxh5 33. gxh5 Rh8 34. Nh4 Kg8 35. Qg4+ Kf8 36. Ng6+ 1-0

[Event "Kirov Arakelian Memorial-B 5th"]
[Site "Kirov"]
[Date "2015.05.04"]
[Round "3"]
[White "Kaisin, Yrij"]
[Black "Barabanov, Alexander"]
[Result "1/2-1/2"]
[WhiteElo "1916"]
[BlackElo "1974"]
[PlyCount "100"]
[EventDate "2015.05.03"]
[EventType "tourn"]
[EventRounds "9"]
[EventCountry "RUS"]
[SourceTitle "EXT 2018"]
[Source "ChessBase"]
[SourceDate "2017.10.13"]
[SourceVersion "1"]
[SourceVersionDate "2017.10.13"]
[SourceQuality "1"]

1. d4 Nf6 2. c4 g6 3. Nc3 Bg7 4. Nf3 0-0 5. g3 d6 6. Bg2 Nbd7 7. 0-0 c6 8. e4 e5 9. dxe5 dxe5 10. h3 Qe7 11. Qc2 Nc5 12. a3 Qc7 13. Be3 Ne6 14. c5 Bd7 15. Rfd1 Rfd8 16. b4 b6 17. cxb6 axb6 18. Ng5 h6 19. Nxe6 Bxe6 20. Nd5 Bxd5 21. exd5 Rac8 22. dxc6 e4 23. Rxd8+ Rxd8 24. Rd1 Rxd1+ 25. Qxd1 Qxc6 26. Qd8+ Kh7 27. Qxb6 Qxb6 28. Bxb6 Nd7 29. Bc7 f5 30. a4 Bc3 31. b5 Nf6 32. a5 Nd5 33. Bd8 Bd4 34. Bf1 e3 35. fxe3 Bxe3+ 36. Kg2 Bd4 37. Bd3 Kg7 38. Kf3 Kf8 39. a6 Ke8 40. Ba5 Kd7 41. Bc4 Kd6 42. Ke2 g5 43. Kd3 Bf2 44. Bd2 Nb6 45. a7 Kc5 46. Bc1 Na8 47. Ba3+ Kb6 48. Bc1 Kxa7 49. Be3+ Bxe3 50. Kxe3 Kb6 1/2-1/2

[Event "Kirov Arakelian Memorial-B 5th"]
[Site "Kirov"]
[Date "2015.05.03"]
[Round "1"]
[White "Savinykh, Sergey"]
[Black "Barabanov, Alexander"]
[Result "0-1"]
[WhiteElo "2045"]
[BlackElo "1974"]
[PlyCount "80"]
[EventDate "2015.05.03"]
[EventType "tourn"]
[EventRounds "9"]
[EventCountry "RUS"]
[SourceTitle "EXT 2018"]
[Source "ChessBase"]
[SourceDate "2017.10.13"]
[SourceVersion "1"]
[SourceVersionDate "2017.10.13"]
[SourceQuality "1"]

1. e4 c5 2. Nf3 Nc6 3. d4 cxd4 4. Nxd4 Nf6 5. Nc3 d6 6. Bg5 e6 7. Qd2 a6 8. 0-0-0 Bd7 9. f4 Be7 10. Be2 b5 11. Bf3 Rc8 12. e5 dxe5 13. Nxc6 Bxc6 14. Bxc6+ Rxc6 15. Qxd8+ Bxd8 16. fxe5 Nd7 17. Bf4 Bc7 18. Rhe1 f6 19. Re4 Bxe5 20. Bxe5 Nxe5 21. a4 bxa4 22. Rxa4 Ke7 23. Rb4 Rhc8 24. Rb7+ R8c7 25. Rxc7+ Rxc7 26. Rd4 Rc4 27. Rd2 f5 28. Nd1 Nc6 29. c3 Rc5 30. b4 Nxb4 31. Kb2 Nd5 32. Kb3 e5 33. c4 Nb6 34. Nb2 e4 35. Kb4 Re5 36. c5 Nd5+ 37. Kc4 Nc7 38. Na4 e3 39. Re2 Re4+ 40. Kb3 Nb5 0-1

[Event "Kirov Region-ch"]
[Site "Kirov"]
[Date "2014.10.10"]
[Round "1"]
[White "Tsarukian, Elis"]
[Black "Barabanov, Alexander"]
[Result "1-0"]
[WhiteElo "2198"]
[BlackElo "1979"]
[PlyCount "73"]
[EventDate "2014.10.10"]
[EventType "swiss"]
[EventRounds "9"]
[EventCountry "RUS"]
[SourceTitle "EXT 2018"]
[Source "ChessBase"]
[SourceDate "2017.10.13"]
[SourceVersion "1"]
[SourceVersionDate "2017.10.13"]
[SourceQuality "1"]

1. e4 c5 2. Nf3 Nc6 3. d4 cxd4 4. Nxd4 Nf6 5. Nc3 d6 6. Be2 g6 7. 0-0 Bg7 8. Be3 0-0 9. f3 Bd7 10. Qd2 a6 11. Rfd1 Rc8 12. Nxc6 Bxc6 13. a4 Qc7 14. a5 Nd7 15. Bf1 Ne5 16. Bb6 Qb8 17. Rab1 Nd7 18. Bd4 Bxd4+ 19. Qxd4 Qc7 20. b4 Nf6 21. Rd2 Bd7 22. Nd1 Be6 23. c4 Rfd8 24. Ne3 Bd7 25. Nd5 Nxd5 26. exd5 e5 27. Qe3 Bf5 28. Rc1 Qe7 29. c5 Bd7 30. c6 bxc6 31. Bxa6 Rc7 32. Qb6 Be8 33. dxc6 d5 34. Bb7 d4 35. a6 e4 36. fxe4 Qxe4 37. Rdd1 1-0

[Event "Kirov Vyatki Cup-B 3rd"]
[Site "Kirov"]
[Date "2014.08.16"]
[Round "6"]
[White "Barabanov, Alexander"]
[Black "Kaisin, Yrij"]
[Result "1/2-1/2"]
[WhiteElo "2033"]
[BlackElo "1904"]
[PlyCount "113"]
[EventDate "2014.08.08"]
[EventType "tourn"]
[EventRounds "9"]
[EventCountry "RUS"]
[SourceTitle "CBM 162 Extra"]
[Source "ChessBase"]
[SourceDate "2014.10.17"]
[SourceVersion "1"]
[SourceVersionDate "2014.10.17"]
[SourceQuality "1"]

1. d4 d5 2. c4 e6 3. Nf3 Nf6 4. g3 Nbd7 5. b3 b6 6. Bg2 Bb7 7. 0-0 Be7 8. Nbd2 0-0 9. Bb2 Rc8 10. Ne5 c6 11. e4 dxe4 12. Nxd7 Qxd7 13. Nxe4 Nxe4 14. Bxe4 Bf6 15. Qc2 h6 16. Rad1 Qe7 17. Rfe1 Rfd8 18. Qe2 Qc7 19. Qf3 Rb8 20. Re2 Rd7 21. Red2 Rbd8 22. b4 a6 23. b5 axb5 24. cxb5 cxb5 25. Bxb7 Qxb7 26. Qxb7 Rxb7 27. d5 Bxb2 28. Rxb2 Rbd7 29. Rxb5 Rxd5 30. Rdxd5 Rxd5 31. Rxb6 Ra5 32. Rb2 f5 33. f3 Kf7 34. Kf2 g5 35. Ke2 Ra3 36. Kf2 Kf6 37. Kg2 h5 38. Rf2 e5 39. Kf1 g4 40. fxg4 hxg4 41. Ke1 e4 42. Kd1 Ke5 43. Rb2 Kd4 44. Ke1 Ke3 45. Re2+ Kd3 46. Kf2 Kd4 47. Rb2 Rf3+ 48. Ke2 Re3+ 49. Kf2 Rc3 50. Rd2+ Rd3 51. Rc2 Rf3+ 52. Ke1 Rd3 53. Rf2 Ra3 54. Rd2+ Ke3 55. Re2+ Kd4 56. Rd2+ Rd3 57. Rf2 1/2-1/2

[Event "Kirov-ch"]
[Site "Kirov"]
[Date "2014.04.10"]
[Round "8"]
[White "Barabanov, Alexander"]
[Black "Sitchikhin, Sergey"]
[Result "0-1"]
[WhiteElo "2053"]
[BlackElo "1993"]
[PlyCount "108"]
[EventDate "2014.04.02"]
[EventType "swiss"]
[EventRounds "9"]
[EventCountry "RUS"]
[SourceTitle "EXT 2016"]
[Source "ChessBase"]
[SourceDate "2015.10.08"]
[SourceVersion "1"]
[SourceVersionDate "2015.10.08"]
[SourceQuality "1"]

1. d4 Nf6 2. Nf3 d5 3. c4 e6 4. g3 b6 5. Bg2 Bb7 6. Qc2 Nbd7 7. 0-0 c5 8. Nc3 Rc8 9. cxd5 exd5 10. Qf5 g6 11. Qh3 Bg7 12. Nb5 Ne4 13. Nd2 Ndf6 14. Nxe4 Nxe4 15. Bh6 Bxh6 16. Qxh6 a6 17. Bxe4 axb5 18. Qg7 Rf8 19. Bg2 Rc7 20. Qxh7 Qf6 21. Qh6 Re7 22. e4 dxe4 23. dxc5 bxc5 24. Rad1 Qe6 25. Rd8+ Kxd8 26. Qxf8+ Kc7 27. Rd1 Bc6 28. Qd8+ Kb7 29. a4 bxa4 30. Qa5 Rd7 31. Rc1 Qb3 32. Bf1 e3 33. Qxc5 exf2+ 34. Qxf2 Qd5 35. Rxc6 Qxc6 36. Bg2 Rd1+ 37. Qf1 Rxf1+ 38. Kxf1 Qxg2+ 39. Kxg2 Kc6 40. Kf3 Kc5 41. h4 f5 42. Ke3 Kc4 43. Kd2 Kd4 44. Ke2 Ke4 45. Kf2 Kd3 46. Kf3 Kc2 47. Kf4 Kxb2 48. Kg5 a3 49. Kxg6 a2 50. Kxf5 a1Q 51. h5 Qa5+ 52. Kg6 Qb6+ 53. Kg7 Qc7+ 54. Kf6 Qxg3 0-1

[Event "Kirov-ch"]
[Site "Kirov"]
[Date "2014.04.09"]
[Round "7"]
[White "Popyvanov, Denis"]
[Black "Barabanov, Alexander"]
[Result "0-1"]
[WhiteElo "1705"]
[BlackElo "2053"]
[PlyCount "62"]
[EventDate "2014.04.02"]
[EventType "swiss"]
[EventRounds "9"]
[EventCountry "RUS"]
[SourceTitle "EXT 2016"]
[Source "ChessBase"]
[SourceDate "2015.10.08"]
[SourceVersion "1"]
[SourceVersionDate "2015.10.08"]
[SourceQuality "1"]

1. e4 c5 2. Nf3 Nc6 3. d4 cxd4 4. Nxd4 Nf6 5. Nc3 d6 6. Be2 g6 7. 0-0 Bg7 8. Be3 0-0 9. Nb3 Bd7 10. f4 Qc8 11. Kh1 a5 12. a4 Nb4 13. Bf3 Bc6 14. g4 Nd7 15. Bd2 Nc5 16. Nxc5 dxc5 17. Be3 b6 18. Qe2 e6 19. Nd1 Bb7 20. c3 Nc6 21. Qg2 Ne7 22. Nf2 f5 23. h4 fxe4 24. Nxe4 Nd5 25. Nd6 Qc7 26. Nxb7 Nxe3 27. Qe2 Nxf1 28. Qxe6+ Kh8 29. Rxf1 Rae8 30. Qd5 Qxf4 31. Bg2 Qg3 0-1

[Event "Kirov-ch"]
[Site "Kirov"]
[Date "2014.04.06"]
[Round "5"]
[White "Zboev, Nikita"]
[Black "Barabanov, Alexander"]
[Result "1-0"]
[WhiteElo "2181"]
[BlackElo "2053"]
[PlyCount "38"]
[EventDate "2014.04.02"]
[EventType "swiss"]
[EventRounds "9"]
[EventCountry "RUS"]
[SourceTitle "EXT 2016"]
[Source "ChessBase"]
[SourceDate "2015.10.08"]
[SourceVersion "1"]
[SourceVersionDate "2015.10.08"]
[SourceQuality "1"]

1. d4 Nf6 2. Nc3 d5 3. Bg5 e6 4. e4 dxe4 5. Nxe4 Be7 6. Bxf6 Bxf6 7. Nf3 b6 8. Qe2 Be7 9. 0-0-0 Bb7 10. Ne5 Qd5 11. Nc3 Qa5 12. Qg4 Bf6 13. f4 0-0 14. Bc4 Bxe5 15. dxe5 Qc5 16. Bd3 Nc6 17. Ne4 Qe3+ 18. Kb1 Nxe5 19. fxe5 Kh8 1-0